MDQL
is popping MORE tags! Check the
thread
!
Quizzes
Events
Quiz Creation
Community
Videos
Private Events
Remove Ads
Sign In
Join for FREE
Feedback
Dark Mode
Quiz Categories
Sports
Geography
Music
Movies
Television
Just For Fun
Miscellaneous
History
Literature
Language
Science
Gaming
Entertainment
Religion
Holiday
For Kids
Quiz Lab
Recent
Popular Today
Quiz Kudos Today
Editor Picks
Curator Picks
Quizzes by...
Day
Popularity
Type
Ratings
Length
Year
Community
Subscriptions
Recent Discussions
Orange Saloon
Badges
Playlists
Quests
Create
Leaderboards
Showdown
Live 5
Trivia Bingo
Activity
Puzzle Library
Sporcle Events
Private Events
Virtual Trivia
Globe League
Become a Host
Pub Owners
SporcleCon
Opinionation
Our Games
Videos
Blog
Mobile Apps
Partnerships
Remove Ads and Go Orange
Feedback
Sports
Athletes
MLB
NBA
NHL
NFL
Soccer
Sports Teams
WWE
NCAA
Football
Premier League
Basketball
Baseball
Hockey
Golf
Tennis
Cricket
Rugby
Auto Racing
Olympics
World Cup
Sports
Athletes
MLB
NBA
NHL
NFL
Soccer
Sports Teams
WWE
NCAA
Football
Premier League
Basketball
Baseball
Hockey
Golf
Tennis
Cricket
Rugby
Auto Racing
Olympics
World Cup
Random Quiz
Search Sporcle
×
Quiz Lab
Quiz Lab
Sports
NBA
Type in answers that appear in a list
Type in answers that appear in a list
Classic
Best Score? Go Orange.
Leon Rose clients Stats
Can you name the Leon Rose clients?
By
drr2893
5m
14 Questions
46 Plays
46 Plays
46 Plays
Comments
Comments
Give Quiz Kudos
Give Quiz Kudos
-
- Ratings
hide this ad
Random Order
Randomize order of answers
Randomize order of answers
Replay
Link that replays current quiz
Next Quiz
Link to next quiz in quiz playlist
You Got
0%
They Got
Avg Score
47%
Avg Friend Score
Upgrade to see
Score Distribution
Jump to the score distribution portion of the page
Score
0/14
Timer
05:00
0
Plays Today
NBA Team
Player
% Correct
Cavaliers
LeBron James
95.7%
Sixers/
Nuggets/
Pistons/
Grizzlies
Allen Iverson
82.6%
Nuggets
Carmelo Anthony
80.4%
Bulls/
Knicks
Eddy Curry
58.7%
Timberwolves
Johnny Flynn
54.3%
Raptors
Andrea Bargnani
52.2%
Wizards/
Pistons
Richard Hamilton
50%
NBA Team
Player
% Correct
Kings
Omri Casspi
45.7%
Cavaliers/
Mavericks/
Nets/
Bobcats
DeSagana Diop
32.6%
Lakers/
Hornets/
Heat/
Grizzlies/
Mavericks
Eddie Jones
28.3%
Blazers/
Pistons/
Sixers/
Lakers/
Grizzlies
Aaron McKie
28.3%
Cavaliers/
Warriors
Dajuan Wagner
21.7%
Knicks/
Clippers
Mardy Collins
15.2%
Nuggets
Renaldo Balkman
15.2%
Quiz Playlist
Details
Report
Send in Message
Add To Playlist
Classic:
Type in answers that appear in a list
Random Order:
Randomize order of answers
Last Updated: Feb 16, 2017
Quiz Scoreboard
CHALLENGE
Sign Up to Join the Scoreboard
Show All
Scores
Hide
Comments
May contain spoilers
Recently Published
Find the 'City' Movie
by crazypaving
Movies
60s
5x2 Blitz: Bands
by SL_Kpop136
Music
30s
Colored Red Africa Blitz
by spor1
Geography
30s
More to Explore
Quiz From the Vault
Featured Blog Post
14 Easter Pick-up Lines to Find Eggs With
hide this ad
You Might Also Like...
Tags
Basketball Quiz
NBA Quiz
client
leon
Player
rose
team
Today's Top Quizzes in Sports
Browse Sports
hide this ad
Today's Top Quizzes in NBA
Browse NBA
Top Contributed Quizzes in Sports
1
Les entraîneurs de l'OM et du PSG au 21e siècle
2
Les meilleurs buteurs des matchs entre le PSG et l’OM
3
Les joueurs passés par le PSG et l'OM
4
Players with Multiple 50 Home Run Seasons
5
2022 World Cup Stars
6
Criteria MLB: Left Handed Sluggers
7
NBA Logic Puzzle 2.0
8
MLB Players with Two .350 Batting Average Seasons
9
Top 10 NHL Goal Scorers of All Time
10
Les joueurs passés par le LOSC et le RC Lens
Explore More
Trending Topics
NBA
Harry Potter
Marvel
Anime
Crossword
Kpop
Disney
Pokémon
Soccer
WWE
Puzzle
NFL
Song
Country
The Office
hide this ad
More By:
drr2893
Quiz
Plays
Rating
Category
Featured
Created
Top Movies from 2000-2010
428
4.50
Movies
Jul 16, 2010
Yankees Starters 2001-2010
325
Sports
Jun 20, 2010
Will Smith blockbusters
313
3.50
Movies
Jun 16, 2010
Jane Lynch Shows
72
5.00
Television
Jun 16, 2010
Leon Rose clients
46
Sports
May 23, 2010
Go to Creator's Profile
Score Distribution
Quiz Creator Spotlight
drr2893
Follow
Send a Message
Quizzes Created
-
Created Quiz Play Count
-
More By This Creator
Popular Quizzes Today
1
Colored Red Africa Blitz
2
Find the 'City' Movie
3
Find the US States - No Outlines Minefield
4
5x2 Blitz: Bands
5
The Countries of the World
6
Find the US States
7
US States
8
Find the Countries of Europe - No Outlines Minefield
More Sports Quizzes
Most F1 races without a pole position
Quiz Lab
Trending Quizzes
Colored Red Europe Blitz I
Colored Red Europe Blitz II
Colored Red Africa Blitz II
Colored Red Europe Blitz III
Colored Red Africa Blitz III
Recently Updated
How Do You Spell That?
pecheneg
Godzilla Movies
pecheneg
Grab Bag: 4-10 Letters
pecheneg
2024 March Madness Bracket
pecheneg
Famous TV Couples
Peacemaker
Champions League XIs: Real Madrid
pecheneg
Largest US Cities 1790-2010
pecheneg
Rides in Walt Disney World
pecheneg
Most Oscar Losses (Acting)
pecheneg
Beyoncé Albums
pecheneg
Trending Topics
NBA
Harry Potter
Marvel
Disney
Crossword
Anime
Kpop
Country
NFL
Soccer
Pokémon
Song
The Office
Puzzle
WWE
Your Account Isn't Verified!
In order to create a playlist on Sporcle, you need to verify the email address you used during registration. Go to your
Sporcle Settings
to finish the process.
Report this User
Report this user for behavior that violates our
Community Guidelines
.
Details:
Send Report
Go to the Sporcle.com Mobile Site →
Comments